00198nam a2200085Ia 4500008004100000041000800041100002000049245001400069260002900083231212s1992 xx 000 0 und d aeng aPatil D. Laxman aNandadeep aNew DelhibUniversc1992